| 000 | 01384nam a2200337 i 4500 | ||
|---|---|---|---|
| 003 | EG-ScBUE | ||
| 005 | 20231023125528.0 | ||
| 008 | 170621s2016 le o f 000 0aara d | ||
| 040 |
_aEG-ScBUE _bara _erda _cEG-ScBUE _dEG-ScBUE |
||
| 041 | 1 |
_aara _hund |
|
| 043 | _anwcu--- | ||
| 082 | 0 | 4 |
_a923.2 _bج ي ف _222 |
| 100 | 1 |
_aجيفارا، إرنستو، _d1928-1967، _eمؤلف. |
|
| 245 | 1 | 0 |
_aتشي غيفارا : _bمذكرات حرب الغوار / _cتشي غيفارا ؛ [ترجمة دار الأنوار للطباعة والنشر]. |
| 250 | _aالطبعة الثانية. | ||
| 264 | 1 |
_aبيروت : _bدار الأنوار للطباعة والنشر، _c2016. |
|
| 300 |
_a172 صفحة : _bصور ؛ _c24 سم |
||
| 336 |
_2rdacontent _aنص _btxt |
||
| 337 |
_2rdamedia _aبدون وسيط _bn |
||
| 338 |
_2rdacarrier _aمجلد _bnc |
||
| 541 |
_aإهداء ؛ _cأ. محمد فريد خميس |
||
| 546 | _aالنص مترجم إلى اللغة العربية. | ||
| 590 | _aWessam | ||
| 600 | 1 |
_aجيفارا، إرنستو، _d1928-1967. _vمذكرات. _2BUEsh |
|
| 650 | 7 |
_aالسياسيون الكوبيون _vتراجم. _2BUEsh |
|
| 651 | 7 |
_aكوبا _xتاريخ _yالثورة، 1959. _2BUEsh |
|
| 653 |
_bBUSBOL _bGGEN _cJune2017 |
||
| 655 | _vReading book | ||
| 710 | 2 |
_aدار الأنوار للطباعة والنشر، _eمترجم. |
|
| 942 | _2ddc | ||
| 999 |
_c24948 _d24920 |
||